Joget Lambak
| Format: | Book |
|---|---|
| Published: |
Melaka :
Pejabat Kebudayaan dan Kesenian Negeri Melaka ,
2004
|
| Subjects: |
MARC
| LEADER | 00000cam a2200000 7i4500 | ||
|---|---|---|---|
| 001 | 0000136255 | ||
| 005 | 20110124.0 | ||
| 090 | 0 | 0 | |a 793.319595 |b JOG |
| 245 | 0 | 0 | |a Joget Lambak |
| 260 | |a Melaka : |b Pejabat Kebudayaan dan Kesenian Negeri Melaka , |c 2004 | ||
| 300 | |a 126p. ; |c 21cm. | ||
| 650 | 0 | 0 | |a Folk dancing |z Malaysia |z Malacca |
| 650 | 0 | 0 | |a Folk music |z Malaysia |z Malacca |
| 999 | |a 00241193 |b BUKU |c MALAYSIANA |e PERPUSTAKAAN KOMUNITI PETALING JAYA | ||
| 999 | |a 00241194 |b BUKU |c MALAYSIANA |e PERPUSTAKAAN KOMUNITI PETALING JAYA | ||